Network+ certification exam guide / (رقم التسجيلة. 695)

تفاصيل مارك
000 -الفاتح
حقل البيانات ثابتة الطول 01553cam a2200373 a 4500
001 - رقم الضبط
رقم الضبط 12735999
003 - محدد رقم الضبط
رقم الضبط OSt
005 - وقت وتاريخ اخر تعامل مع التسجيلة
رقم الضبط 20150408113722.0
008 - عناصر البيانات ثابتة الطول - معلومات عامة
حقل البيانات ثابتة الطول 020410s2002 nyua 001 0 eng
010 ## - رقم ضبط مكتبة الكونجرس
رقم ضبط مكتبة الكونجرس 2002279676
020 ## - الرقم الدولى المعيارى للكتب
الرقم الدولى المعيارى للكتاب 0072131640
040 ## - مصدر الفهرسة
وكالة الفهرسة الأصلية DLC
وكالة النسخ DLC
وكالة التعديل DLC
050 00 - رقم طلب مكتبة الكونجرس
رقم التصنيف QA76.3
رقم المادة .M47 2002
100 1# - المدخل الرئيسى - إسم شخصى
الإسم الشخصى Meyers, Michael,
التواريخ المصاحبة للاسم 1961-
9 (RLIN) 4777
245 10 - بيان العنوان
العنوان Network+ certification exam guide /
بيان المسئوليه,etc Michael Meyers.
246 3# - العنوان الموازى
عنوان صحيح/عنوان مختصر Network-plus certification exam guide
246 30 - العنوان الموازى
عنوان صحيح/عنوان مختصر All-in-one network+ certification exam guide.
250 ## - بيان الطبعة
بيان الطبعة 2nd ed.
260 ## - PUBLICATION, DISTRIBUTION, ETC. (IMPRINT)
مكان الناشر او الموزع New York :
اسم الناشر او الموزع Osborne/McGraw-Hill,
تاريخ النشر أو التوزيع c2002.
300 ## - الوصف المادى
التعداد xxv, 708 p. :
تفاصيل ماديه اخرى للوعاء ill. ;
أبعاد الوعاء 25 cm.
المادة المصاحبة 1 CD-ROM (4 3/4 in.)
490 1# - بيان السلسلة
عنوان السلسلة All-in-one
500 ## - تبصرة عامة
تبصرة عامة Rev. ed. of: Network certification exam guide / Michael Meyers. Brian Schwarz.
500 ## - تبصرة عامة
تبصرة عامة Includes index.
650 #0 - المدخل الاضافى بالموضوع-مصطلح موضوعى
مصطلح موضوعي أو اسم جغرافي كعنصر مدخل Electronic data processing personnel
التقسيم الفرعي العام Certification.
9 (RLIN) 4806
650 #0 - المدخل الاضافى بالموضوع-مصطلح موضوعى
مصطلح موضوعي أو اسم جغرافي كعنصر مدخل Computer networks
التقسيم الفرعي العام Examinations
التقسيم الفرعي الشكلي Study guides.
9 (RLIN) 4807
700 1# - المدخل الاضافى - اسم شخصى
الإسم الشخصى Meyers, Michael,
التواريخ المصاحبة للاسم 1961-
عنوان العمل Network certification exam guide.
9 (RLIN) 4808
830 #0 - المدخل الاضافى بالسلسلة -عنوان موحد
عنوان موحد All-in-one (Series)
9 (RLIN) 4809
856 42 - الوصول و الموقع الالكترونى
مواد محددة Contributor biographical information
معرف المصدر الموحد <a href="http://www.loc.gov/catdir/bios/mh042/2002279676.html">http://www.loc.gov/catdir/bios/mh042/2002279676.html</a>
856 42 - الوصول و الموقع الالكترونى
مواد محددة Publisher description
معرف المصدر الموحد <a href="http://www.loc.gov/catdir/description/mh022/2002279676.html">http://www.loc.gov/catdir/description/mh022/2002279676.html</a>
856 41 - الوصول و الموقع الالكترونى
مواد محددة Table of contents
معرف المصدر الموحد <a href="http://www.loc.gov/catdir/toc/mh021/2002279676.html">http://www.loc.gov/catdir/toc/mh021/2002279676.html</a>
906 ## - عنصر بيانات محلى F, LDF (RLIN)
a 7
b cbc
c origcop
d 2
e ncip
f 20
g y-gencatlg
942 ## - عناصر المدخل الإضافي( كوها)
مصدر التصنيف او مخطط الترفيف Dewey Decimal Classification
Koha [default] item type كتاب
المقتنيات
حالة الفقد نموذج السعر الفعال حالة تلف ليس للاعارة رقم الطلب تاريخ الاكتساب الموقع الحالي الباركود الفرع الرئيسي Date last seen نوع المادة فى نظام كوها مصدر التصنيف او خطة الترفيف Total Checkouts
  2013-03-10     004 M M N 2011-09-22 المكتبة المركزية بالمجمعة (CL) 00048803 المكتبة المركزية بالمجمعة (CL) 2013-03-10 كتاب Dewey Decimal Classification  
  2013-03-10     004 M M N 2011-09-22 المكتبة المركزية بالمجمعة (CL) 00048801 المكتبة المركزية بالمجمعة (CL) 2013-03-10 كتاب Dewey Decimal Classification  
  2013-03-10     004 M M N 2011-09-22 المكتبة المركزية بالمجمعة (CL) 00048800 المكتبة المركزية بالمجمعة (CL) 2013-03-10 كتاب Dewey Decimal Classification